Rolling Stones (Record no. 233144)
[ view plain ]
| 000 -LEADER | |
|---|---|
| fixed length control field | 01414cam a22002533a 4500 |
| 001 - CONTROL NUMBER | |
| control field | 3815 |
| 003 - CONTROL NUMBER IDENTIFIER | |
| control field | PGUSA |
| 005 - DATE AND TIME OF LATEST TRANSACTION | |
| control field | 20140828083038.0 |
| 008 - FIXED-LENGTH DATA ELEMENTS--GENERAL INFORMATION | |
| fixed length control field | 030301s2003||||xxu|||||s|||||000 i eng d |
| 040 ## - CATALOGING SOURCE | |
| Original cataloging agency | PGUSA |
| Language of cataloging | eng |
| 042 ## - AUTHENTICATION CODE | |
| Authentication code | dc |
| 050 #4 - LIBRARY OF CONGRESS CALL NUMBER | |
| Classification number | PS |
| 100 1# - MAIN ENTRY--PERSONAL NAME | |
| Personal name | Henry, O., |
| Dates associated with a name | 1862-1910 |
| 245 10 - TITLE STATEMENT | |
| Title | Rolling Stones |
| Medium | [electronic resource] / |
| Statement of responsibility, etc | O. Henry |
| 260 ## - PUBLICATION, DISTRIBUTION, ETC. (IMPRINT) | |
| Name of publisher, distributor, etc | Project Gutenberg, |
| Date of publication, distribution, etc | 2003 |
| 505 0# - FORMATTED CONTENTS NOTE | |
| Formatted contents note | The dream -- A ruler of men -- The atavism of John Tom Little Bear -- Helping the other fellow -- The marionettes -- The marquis and Miss Sally -- A fog in Santone -- The friendly call -- a dinner at ----* --- Sound and fury -- Tictocq -- Tracked to doom -- A snapshot at the President -- An unfinished Christmas story -- The unprofitable servant -- Aristocracy versus has -- The prisoner of Zembla -- A strange story -- Fickle fortune, or, How Gladys hustled -- An apology -- Lord Oakhurst's course -- Bexar script no. 2692 -- Queries and answers -- The pewee -- Nothing to say -- The murderer -- Some postscripts -- A contribution -- The old farm -- Vanity -- The lullaby boy -- Chanson de Bohême -- Hard to forget -- Drop a tear in this slot -- Tamales -- Some letters. |
| 506 ## - RESTRICTIONS ON ACCESS NOTE | |
| Terms governing access | Public domain in the USA. |
| 516 ## - TYPE OF COMPUTER FILE OR DATA NOTE | |
| Type of computer file or data note | Electronic text |
| 653 ## - INDEX TERM--UNCONTROLLED | |
| Uncontrolled term | Fiction |
| 653 ## - INDEX TERM--UNCONTROLLED | |
| Uncontrolled term | Short stories |
| 830 #0 - SERIES ADDED ENTRY--UNIFORM TITLE | |
| Uniform title | Project Gutenberg |
| Volume number/sequential designation | 3815 |
| 856 40 - ELECTRONIC LOCATION AND ACCESS | |
| Uniform Resource Identifier | <a href="http://www.gutenberg.org/ebooks/3815">http://www.gutenberg.org/ebooks/3815</a> |
| 942 ## - ADDED ENTRY ELEMENTS (KOHA) | |
| Koha item type | eBooks |
| Withdrawn status | Lost status | Damaged status | Home library | Current library | Date acquired | Total Checkouts | Date last seen | Price effective from | Koha item type |
|---|---|---|---|---|---|---|---|---|---|
| Project Gutenberg | Project Gutenberg | 08/28/2014 | 08/28/2014 | 08/28/2014 | eBooks |